ბათუმის შოთა რუსთაველის სახელმწიფო უნივერსიტეტის ბიბლიოთეკა

ცხრა მთასა და ცხრა მთას იქით (ბიბ.ჩანაწერი № 43642)

000 -LEADER
fixed length control field 00890nam a2200229Ia 4500
001 - CONTROL NUMBER
control field 10378
003 - CONTROL NUMBER IDENTIFIER
control field GE_BSU
008 - FIXED-LENGTH DATA ELEMENTS--GENERAL INFORMATION
fixed length control field 181216s||||||||xx |||||||||||||| ||und||
040 ## - CATALOGING SOURCE
Transcribing agency GE_BSU
080 ## - UNIVERSAL DECIMAL CLASSIFICATION NUMBER
Universal Decimal Classification number 910.4(4)+910.4(5)+821.353.1-94
100 ## - MAIN ENTRY--PERSONAL NAME
Personal name ფანჯიკიძე,გურამ
245 ## - TITLE STATEMENT
Title ცხრა მთასა და ცხრა მთას იქით
245 ## - TITLE STATEMENT
Remainder of title მოგზაურობის შთაბეჭდილებები
245 ## - TITLE STATEMENT
Statement of responsibility, etc. რედ. მ.სოხაძე;მხატვ.ზ.დეისაძე
260 ## - PUBLICATION, DISTRIBUTION, ETC.
Place of publication, distribution, etc. თბილისი
260 ## - PUBLICATION, DISTRIBUTION, ETC.
Name of publisher, distributor, etc. ნაკადული
260 ## - PUBLICATION, DISTRIBUTION, ETC.
Date of publication, distribution, etc. 1975
300 ## - PHYSICAL DESCRIPTION
Extent 223გვ.19სმ.
653 ## - INDEX TERM--UNCONTROLLED
Uncontrolled term მოგზაურობის შთაბეჭდილებები
653 ## - INDEX TERM--UNCONTROLLED
Uncontrolled term ცხრა მთასა და ცხრა მთას იქით
942 ## - ADDED ENTRY ELEMENTS (KOHA)
Koha item type წიგნი
ეგზემპლარები
Withdrawn status Lost status Damaged status Not for loan Date acquired Barcode Date last seen Price effective from Koha item type
        2018-12-17 34040 2018-12-17 2018-12-17 წიგნი
        2018-12-17 34041 2018-12-17 2018-12-17 წიგნი